Purchasing and Materials Mgt. (Record no. 2107)

MARC details
000 -LEADER
fixed length control field 00435nam a22001697a 4500
005 - DATE AND TIME OF LATEST TRANSACTION
control field 20180801154144.0
008 - FIXED-LENGTH DATA ELEMENTS--GENERAL INFORMATION
fixed length control field 160530b xxu||||| |||| 00| 0 eng d
020 ## - INTERNATIONAL STANDARD BOOK NUMBER
ISBN 0-7069-7939-7
041 ## - LANGUAGE CODE
Language code of text/sound track or separate title eng
082 ## - DEWEY DECIMAL CLASSIFICATION NUMBER
Item number 5964
Classification number 658.4032
100 ## - MAIN ENTRY--AUTHOR NAME
Personal name Nair, N.K.
245 ## - TITLE STATEMENT
Title Purchasing and Materials Mgt.
260 ## - PUBLICATION, DISTRIBUTION, ETC. (IMPRINT)
Place of publication New Delhi
Name of publisher Vikas Publishing House (P) Ltd.
Year of publication 2004
300 ## - PHYSICAL DESCRIPTION
Number of Pages 331p,
650 ## - SUBJECT ADDED ENTRY--TOPICAL TERM
Topical Term Management
942 ## - ADDED ENTRY ELEMENTS (KOHA)
Koha item type Books
Holdings
Lost status Damaged status Collection code Home library Current library Shelving location Date acquired Cost, normal purchase price Full call number Accession Number Koha item type
    MANAGEMENT JRU Library JRU Library SHELF- 68 M 30/05/2016 145.00 658.4032 5964 Books
    MANAGEMENT JRU Library JRU Library SHELF- 68 M 30/05/2016 145.00 658.4032 5965 Books
    MANAGEMENT JRU Library JRU Library SHELF- 68 M 30/05/2016 145.00 658.4032 5966 Books
    MANAGEMENT JRU Library JRU Library SHELF- 68 M 30/05/2016 145.00 658.4032 5967 Books
    MANAGEMENT JRU Library JRU Library SHELF- 68 M 30/05/2016 145.00 658.4032 5968 Books
    MANAGEMENT JRU Library JRU Library SHELF- 68 M 30/05/2016 145.00 658.4032 5969 Books
    MANAGEMENT JRU Library JRU Library SHELF- 68 M 30/05/2016 145.00 658.4032 5970 Books
    MANAGEMENT JRU Library JRU Library SHELF- 68 M 30/05/2016 145.00 658.4032 5971 Books
    MANAGEMENT JRU Library JRU Library SHELF- 68 M 30/05/2016 145.00 658.4032 5972 Books